000 00762nam a2200265Ia 4500
003 OSt
005 20220928123955.0
006 a|||||r|||| 00| 0
007 ta
008 220927b |||||||| |||| 00| 0 eng d
020 _c0
024 _a111045
037 _bGIFT, 28/02/2011, Gift
_cTextual
040 _aSDCL
_cSDCL
_beng
041 _2eng
_aeng
082 _aG:33:f3, P7
100 _aVillas-Boas Silas G
_9462846
245 0 _aMetabolome analysis
_b An introduction.
260 _aHoboken
_bJohn Wiley
_c2007
300 _axv,311p.
_ccm.
650 _aGift
_9391569
700 _a Roessner Ute
_9462847
942 _hG:33:f3, P7
_cTEXL
_2CC
999 _c775813
_d775813